Detalles MARC
| 000 -CABECERA |
| campo de control de longitud fija |
00890nam a22002537a 4500 |
| 003 - IDENTIFICADOR DEL NÚMERO DE CONTROL |
| campo de control |
BPGM |
| 005 - FECHA Y HORA DE LA ÚLTIMA TRANSACCIÓN |
| campo de control |
20260627203024.0 |
| 008 - DATOS DE LONGITUD FIJA--INFORMACIÓN GENERAL |
| campo de control de longitud fija |
260618e1987 mx ||||g |||| 001 0 spa d |
| 020 ## - NÚMERO INTERNACIONAL ESTÁNDAR DEL LIBRO |
| Número Internacional Estándar del Libro |
968-6140-18-2 |
| 040 ## - FUENTE DE LA CATALOGACIÓN |
| Centro catalogador/agencia de origen |
BPGM |
| Lengua de catalogación |
spa |
| 041 ## - CÓDIGO DE LENGUA |
| Código de lengua del texto/banda sonora o título independiente |
spa |
| Código de lengua original |
spa |
| 082 04 - NÚMERO DE LA CLASIFICACIÓN DECIMAL DEWEY |
| Número de edición |
CQ / 972.45/ V47 |
| 100 ## - ENTRADA PRINCIPAL--NOMBRE DE PERSONA |
| Nombre de persona |
VERGARA HERNANDEZ, JOSEFA MARIA |
| Término indicativo de función/relación |
AUTOR |
| 245 ## - MENCIÓN DE TÍTULO |
| Título |
TESTAMENTO |
| 250 ## - MENCIÓN DE EDICIÓN |
| Mención de edición |
PRIMERA EDICION; |
| Resto de la mención de edición |
1887, |
| 260 ## - PUBLICACIÓN, DISTRIBUCIÓN, ETC. |
| Lugar de publicación, distribución, etc. |
MEXICO; |
| Nombre del editor, distribuidor, etc. |
DOCUMNTOS DE QUERETARO, |
| Fecha de publicación, distribución, etc. |
1987. |
| 300 ## - DESCRIPCIÓN FÍSICA |
| Extensión |
225 paginas; |
| Otras características físicas |
21 cm x 14 cm. |
| 336 ## - TIPO DE CONTENIDO |
| Fuente |
rdacontent |
| Término de tipo de contenido |
texto |
| Código de tipo de contenido |
txt |
| 337 ## - TIPO DE MEDIO |
| Fuente |
rdamedia |
| Nombre/término del tipo de medio |
sin mediación |
| Código del tipo de medio |
n |
| 338 ## - TIPO DE SOPORTE |
| Fuente |
rdacarrier |
| Nombre/término del tipo de soporte |
volumen |
| Código del tipo de soporte |
nc |
| 505 ## - NOTA DE CONTENIDO CON FORMATO |
| Nota de contenido con formato |
Otorgado en el siglo XIX y publicado en 1842, refleja la vida, creencias y generosidad de esta benefactora, quien destinó gran parte de su fortuna a obras públicas y religiosas en la ciudad. |
| 650 ## - PUNTO DE ACCESO ADICIONAL DE MATERIA--TÉRMINO DE MATERIA |
| Fuente del encabezamiento o término |
GEOGRAFÍA E HISTORIA |
| 942 ## - ELEMENTOS DE PUNTO DE ACCESO ADICIONAL (KOHA) |
| Fuente del sistema de clasificación o colocación |
Dewey Decimal Classification |
| Tipo de ítem Koha |
Colección Querétaro |